[Event "EU-ch 12th"]
[Site "Aix les Bains"]
[Date "2011.03.23"]
[Round "2"]
[White "Mastrovasilis, Athanasios"]
[Black "Nisipeanu, Liviu Dieter"]
[Result "0-1"]
[WhiteElo "2547"]
[BlackElo "2673"]
[Annotator "Marin,M"]
[PlyCount "94"]
[EventDate "2011.03.22"]
[EventType "swiss"]
[EventRounds "11"]
[EventCountry "FRA"]
[SourceTitle "CBM 142 Extra"]
[Source "ChessBase"]
[SourceDate "2011.06.27"]
[SourceVersion "1"]
[SourceVersionDate "2011.06.27"]
[SourceQuality "1"]

1. d4 g6 2. Nf3 Bg7 3. c4 d6 4. g3 Nd7 5. Bg2 e5 6. Nc3 Ne7 7. h4 $5 {Not a
very common move. Such attacking plans rarely are combined with fianchetto
anti KI setups.} exd4 {Black decides on ignoring the positional threat h4-h5
and speeding up his development.} ({As far as I can understand, there is
nothing wrong with} 7... h6 8. e4 exd4 9. Nxd4 Ne5 10. O-O O-O 11. b3 N7c6 12.
Nde2 f5 {Both sides have created themselves kingside weaknesses. Moreover,
both players seem to have decided that this should be the theatre of active
operations.} 13. Nf4 g5 14. hxg5 hxg5 15. Nh5 f4 $132 {Bareev,E (2365)
-Azmaiparashvili,Z (2465)/Kiev 1986/URS-ch (0-1, 87)}) 8. Nxd4 O-O 9. h5 {
White has invested two tempi in an attempt at weakening the enemy kingside.
Logically, Black's development tends to be superior, but he has to decide
which is the best way of taking advantage of it.} Nb6 {If White manages to
neutralise the pressure against c4, this knight will be badly placed here in
the future.} ({Since the g4-square has been slightly weakened, too,} 9... Ne5 {
makes more sense.} 10. hxg6 ({After} 10. Bg5 h6 {the bishop does not have
favourable squares for retreating.}) 10... fxg6 11. Bg5 c6 $13 {The knight is
quite active in the centre. Apart from possible moves to c4 or g4, it can also
defend the kingside soldily with ...Nf7.}) 10. hxg6 fxg6 {From the structural
point of view, this looks like a concession, but dynamically it is useful to
open the f-file for the rook and (as we will see later) for the queen.} (10...
hxg6 11. Bg5 $14 {leaves Black with problems freeing himself.}) 11. Bg5 $146 (
11. Bh6 {worked out well in practice, but there is some hidden tactical
problem with it:} Bxh6 12. Rxh6 c6 $6 {After this slow move, White gets the
upper hand.} ({Black missed} 12... Rxf2 $1 {[%csl Gh6][%cal Ge1f2,Gd8f8] with
the possible continuation} 13. Bf3 Rxf3 14. exf3 c5 15. Ndb5 Nf5 16. Rh2 a6 17.
Na3 Nxg3 $36) 13. b3 Nf5 14. Nxf5 Rxf5 15. Qd4 Qf8 16. Rh4 $16 {Gottschlich,C 
(2338)-Michna,C (2288)/Germany 2008/EXT 2009 (0-1, 23). White has a good
centralisation, the b6-knight is passive and the black king is in some danger.}
) 11... Qe8 {Unpinning the knight and preparing the activation of the queen.}
12. Ndb5 Qf7 13. O-O {Giving up the initial idea of attacking along the h-file.
} Nf5 {Both sides have normal development, but the critical issue is the
stability (or activity) of their knights.} 14. Nd5 $6 {By putting his knight
under a double attack, White starts up unnecessary complications, which do not
favour White in any way.} (14. e4 {would have maintained White's usual space
advantage, although Black's position would have remained more or less "normal":
} Nh6 (14... a6 15. Nxc7 $1 Qxc7 16. exf5 Bxf5 17. Nd5 Nxd5 18. Qxd5+ Kh8 19.
Rae1 Rae8 20. b3 $16) 15. b3 a6 16. Nd4 Ng4 {After h2-h4, the knight will
enjoy stability on either g4 or e5.} 17. f3 Ne5 18. Rc1 h6 19. Be3 $14 {
In order to claim full equality, Black needs a way of justifying the presence
of the knight on b6, or to relocate it in an effective way. This may take some
time, though, which entitles White to claim an advantage.}) 14... c6 15. e4
cxb5 16. exf5 Bxf5 17. Nxb6 axb6 {Both sides have completed their development.
When embarking on these complications, White may have been attracted by the
activity of his bishop and the control over the d5-square. However, Black
temporarily is a pawn up, and Black's bishops also display effective activity,
targetting the enemy queenside pawns. The game could have easily liquidated to
a draw, if only both sides had been interested in it. The future course of the
game shows that they were harbouring bigger ambitions, though.} 18. Re1 (18.
cxb5 $11) 18... Rae8 19. Bd5 (19. Qxd6 $11) 19... Be6 20. Rxe6 Rxe6 {Finally,
the white bishop has occupied a dominating position. However, if Black manages
to free himself from the pin, the exchange on e6 would be inevitable, with a
probable draw anyway.} 21. Qg4 $6 {A small bluff, into which Black will fall.}
({The more harmonious way of developing the queen would be} 21. Qd2 {, with
the possible continuation:} bxc4 22. Bxc4 Rc8 23. Bb3 Rc5 24. Be3 $13) 21...
Qxf2+ $6 {Not resisting the temptation of grabbing a pawn with check.} (21...
Rfe8 22. Rd1 h5 23. Qh4 Kh7 $15 {White still has problems restoring the
material equality.}) 22. Kh1 Kh8 23. Bxe6 $6 {This places the bishop on a
vulnerable square, which will cause major coordination problems.} ({He
probably discarded} 23. Qxe6 {because of} Qxg3 {, but, curiously, the white
king is quite safe:} 24. Rg1 {No available check along the h-file.} Qf2 25.
Qxd6 bxc4 26. Bxc4 Qxb2 $14 {With three pawns for a bishop and an imperfect
structure, Black has chances to hold the game, but hardly more than that.})
23... Qxb2 {Remarkably, it is not easy to choose the best square for the rook.}
24. Rd1 $2 (24. Re1 $2 Rf2 25. Qh4 Qc3 $19 {[%cal Gc3f3,Gc3e1]}) (24. Rg1 Rf2
25. Qh4 Qe2 26. Bd5 Rf5 $44 {[%cal Gh7h6]}) (24. Rc1 Rf2 25. Qh4 Qe2 26. Bd5 (
26. Kg1 Rg2+ 27. Kh1 Rf2 $11) 26... bxc4 $44) 24... Rf2 25. Bd2 (25. Qh4 Qe2
$19 {[%csl Gd1,Ge6][%cal Ge2f3]}) 25... Rxd2 26. Rxd2 Qxd2 27. Bd5 Qe1+ 28. Kg2
Qe8 $17 {Black has two extra pawns and the safer king. The win should be a
matter of technique.} 29. cxb5 h5 30. Qe6 $6 $19 {The queen exchange makes the
ending easily winning.} Qxe6 31. Bxe6 Bc3 32. Kf3 Kg7 33. Bd5 Kf6 34. Bxb7 Ke5
35. Be4 g5 36. Bc6 d5 37. Be8 h4 38. gxh4 gxh4 39. Bd7 d4 40. Ke2 Ke4 41. Bc6+
Kf4 42. Bd5 Kg3 43. Be4 h3 44. a4 h2 45. Bd5 Ba5 46. Bh1 d3+ 47. Kxd3 Kf2 0-1

[Event "Dortmund SuperGM 35th"]
[Site "Dortmund"]
[Date "2007.06.27"]
[Round "4"]
[White "Gelfand, Boris"]
[Black "Mamedyarov, Shakhriyar"]
[Result "1/2-1/2"]
[WhiteElo "2733"]
[BlackElo "2757"]
[Annotator "Marin,M"]
[PlyCount "64"]
[EventDate "2007.06.23"]
[EventType "tourn"]
[EventRounds "7"]
[EventCountry "GER"]
[EventCategory "20"]
[SourceTitle "CBM 119"]
[Source "ChessBase"]
[SourceDate "2007.08.01"]
[SourceVersion "1"]
[SourceVersionDate "2007.08.01"]
[SourceQuality "1"]

1. Nf3 g6 2. e4 d6 3. c4 Bg7 4. d4 Bg4 5. Be2 Nc6 {This early attack against
the d4-square is the main drawback of the move order based on an early Nf3.
Black solves the problem of minor piece development rather easily, but the
long term strategic consequences are far from clear, because the whole plan
involves giving up the pair of bishops at an early stage.} 6. Be3 e5 7. d5 Bxf3
8. Bxf3 Nd4 {So, Black has got what he wanted: a centralized knight. However,
he still needs two tempi to complete the development while the stability and
efficiency of the knight are questionable still. Needless to say that the
exchange for the f3-bishop would mean a complete strategic fiasco: Black would
remain behind in development, and have a "bad" bishop and no counterplay.} 9.
O-O c5 $5 $146 {The idea to consolidate the central knight is not new, but the
move has never been played in this concrete position.} (9... Ne7 {Black cannot
develop his king's knight to the natural f6-square because this would simply
lose a pawn. The last move prevents this, but places the knight on a square
where it has limited mobility.} 10. Nc3 O-O (10... c5 11. dxc6 $1 (11. Bxd4 $6
{Arlandi,E (2420)-Speelman,J (2630)/Manila 1992/CBM 030/[Speelman,J] (0-1, 55)}
) 11... bxc6 (11... Nexc6 {solves the problem of the knight but weakens the
d5-square.}) 12. c5 $1 {White has better prospects to stabilize the position
than in the main game.} dxc5 (12... d5 13. Bxd4 exd4 14. Ne2 dxe4 15. Bxe4 O-O
16. Nf4 $14 {offers White the more pleasant position, because of his stability
on the light squares.}) 13. Rc1 $14 {[%csl Ge7] /\Na4}) 11. Be2 ({I would
prefer the waiting move} 11. Rc1 $5 $14 {/\g3, Bg2. We know the reaction
against ...c5, while} f5 $6 {is met by} 12. Bxd4 exd4 13. Nb5 $14) 11... c6 (
11... c5 $1) 12. Bd3 f5 13. exf5 gxf5 14. Bxd4 exd4 15. Ne2 f4 16. Be4 Qb6 17.
Qd3 Ng6 18. Bxg6 hxg6 19. Qxg6 cxd5 (19... f3 $5) 20. Rad1 dxc4 21. Nxd4 $16 {
Grivas,E (2496)-Azmaiparashvili,Z (2669)/Athens 2006 (1-0, 48)}) 10. dxc6 bxc6
11. Bxd4 ({White might have feared that} 11. Nc3 {would be met by} c5 $5 {
/\...Nf6, stabilizing the position in the centre.}) 11... exd4 12. Nd2 (12. e5
{is premature.} Ne7 13. exd6 Qxd6 $10) 12... Ne7 (12... c5 $6 13. e5 $36 {
/\Qa4+}) 13. c5 $1 {A familiar pattern. If Black is allowed to castle and
consolidate the queenside with ...c5, he would get a comfortable position.}
dxc5 14. Rc1 {/\Nb3xc5-d3 (+/-)} d3 $1 15. Nb3 Bxb2 16. Rc4 O-O 17. Nxc5 (17.
Qd2 Ba3 $5 18. Rd1 Nc8 $132 {[%cal Yc8b6]}) 17... Bd4 18. Nxd3 (18. Qxd3 $2
Bxc5 19. Qxd8 Bxf2+ $1 $17) 18... Qd6 19. Qc2 Rfd8 20. Rd1 Rab8 21. g3 $14 {
White has achieved absolute stability on the light squares and has the more
compact structure. At the same time, Black cannot activate his knight easily.
The stability of his bishop is also still questionable.} h5 22. Kg2 h4 23. Bg4
Kg7 24. f4 {This move wins space in the centre, but weakens the second rank.} (
24. Nc5 $5 Rb2 (24... Qf6 25. Rcxd4 Rxd4 26. Nd7 $1 Rxd7 27. Rxd7 $16 {[%csl
Ga7,Gc6,Ye7]}) 25. Qxb2 Bxb2 26. Rxd6 Rxd6 27. Ra4 $16) 24... hxg3 25. hxg3 Rb5
26. a4 Rbb8 27. Nc5 (27. Nf2 c5 (27... Rb2 $2 28. Rcxd4 $1 $18) 28. Nd3 Qf6 $5
29. Nxc5 $140 Nf5 $3 {/\...Rb2} (29... Rb2 30. Qxb2 Bxb2 31. Rxd8 $16)) 27...
Rb2 28. Qxb2 Bxb2 29. Rxd6 Rxd6 30. Be2 Rd2 31. Kf3 Ba3 32. Nd3 a5 1/2-1/2

[Event "ROM-chT"]
[Site "Sovata"]
[Date "1999.04.20"]
[Round "5"]
[White "Marin, Mihail"]
[Black "Sanduleac, Vasile"]
[Result "1/2-1/2"]
[WhiteElo "2527"]
[BlackElo "2443"]
[Annotator "Marin,M"]
[PlyCount "59"]
[EventDate "1999.04.16"]
[EventType "team"]
[EventRounds "5"]
[EventCountry "ROU"]
[SourceTitle "EXT 2000"]
[Source "ChessBase"]
[SourceDate "1999.11.16"]
[SourceVersion "1"]
[SourceVersionDate "1999.11.16"]
[SourceQuality "1"]

1. c4 {Bob} c6 2. e4 e5 3. Nf3 d6 4. d4 Bg4 5. Be2 (5. d5 Be7 6. Nc3 Bxf3 7.
Qxf3 Bg5 8. Qg3 Bxc1 (8... h6 9. c5 $16 {><e5}) 9. Rxc1 {@} Qf6 (9... Kf8 10.
c5 $16 {><e5}) 10. c5 dxc5 11. dxc6 bxc6 (11... Nxc6 12. Nd5 Qh6 $8 13. Rxc5
Rc8 14. Bb5 $16 Qd6 15. Rxc6 bxc6 16. Qxg7 cxb5 17. O-O $18) 12. Na4 Ne7 (12...
Nd7 {Bob} 13. Be2 {/\Bg4+/-} h5 14. O-O Ne7 15. Nxc5 Nxc5 16. Rxc5 Ng6 17. Rfc1
$16) 13. Nxc5 O-O 14. Rd1 $16 {Suba,M-Ceteras,M Romanian team, Sovata 1999 פb8
}) 5... Nd7 6. Nc3 Be7 7. O-O Bxf3 $5 8. Bxf3 Bg5 9. g3 $5 {/\Bg2, f4} Bxc1 10.
Rxc1 Ngf6 11. Bg2 Qb6 (11... O-O 12. Qd2 $14 {/\Rfd1, Bh3} (12. f4 $5)) 12. c5
$1 $16 Qb4 (12... dxc5 13. dxe5 Nxe5 14. Na4 Qc7 15. Nxc5 O-O 16. f4 $16) (
12... Qc7 13. cxd6 (13. f4 $5 exd4 14. cxd6 Qb6 15. Na4) 13... Qxd6 14. dxe5
Qxe5 (14... Qxd1 15. Rfxd1 Nxe5 16. f4 Nc4 17. e5 Ng4 18. Ne4 $16) 15. f4 Qc5+
16. Kh1 $16) 13. d5 $5 (13. dxe5 $2 dxe5) (13. cxd6 exd4 (13... Qxd4 14. Qxd4
exd4 15. Ne2 c5 16. e5 Ng4 (16... Nxe5 17. Rxc5 $16) 17. b4 $1 $16) 14. Ne2 c5
(14... Qxd6 15. Nxd4 O-O 16. Nf5 $16) 15. Nf4 Ne5 (15... Qb6 16. e5 Nxe5 17.
Re1 Nfd7 18. Nd3 Qxd6 19. Nxe5 Nxe5 20. f4 $18) 16. Nd3 Nxd3 17. Qxd3 Nd7 18.
e5 O-O 19. f4 $16 Qxb2 $140 20. Bd5) 13... dxc5 (13... Nxc5 14. dxc6 O-O 15.
Qxd6 $16 Rad8 16. Nd5 $1 $16) (13... cxd5 14. Nxd5 Nxd5 15. Qxd5 dxc5 16. Bh3
$16) 14. dxc6 bxc6 15. Qd6 Rc8 $1 16. Rfd1 (16. Bh3 Qd4 17. Rfd1 Qxd6 18. Rxd6
Ke7 19. Rcd1 Rhd8) 16... Qb8 17. Qxb8 Rxb8 18. Na4 Ke7 19. Nxc5 Rxb2 (19...
Rhd8 20. Nd3 $16) 20. Nxd7 Nxd7 21. Rxc6 Rb7 $8 22. Bh3 $6 (22. Rd5 $142 Rhb8 (
22... Rb1+ $2 23. Bf1 Rb7 $8) 23. Bh3 {-22.Bh3 Rhb8}) 22... Rhb8 (22... Nf6 $5
23. Rc5 Rhb8 24. Rxe5+ Kf8) 23. Rd5 f6 (23... Nf6 24. Rxe5+ Kf8 25. Bf5 $3 {
פf6, קe4} h5 (25... Rb6 26. Rxb6 Rxb6 27. Ra5 $16) 26. Rec5 $16) 24. Kg2 $16
Nb6 25. Rdc5 Na8 26. Be6 $6 (26. Bf5 $142 $1 g6 {קf6} (26... h6 27. a4) 27.
Be6 Rb6 28. Bb3 $16) 26... Rb6 27. Bd5 (27. Bb3 Rxc6 28. Rxc6 Rb7 29. f4 $14 (
29. Bd5 Nc7)) 27... Kd7 28. Be6+ Ke7 29. Bd5 $2 $138 (29. Bb3) 29... Kd7 30.
Be6+ 1/2-1/2

[Event "Krynica zt"]
[Site "Krynica"]
[Date "1998.09.09"]
[Round "8"]
[White "Marin, Mihail"]
[Black "Badea, Bela"]
[Result "1/2-1/2"]
[WhiteElo "2530"]
[BlackElo "2530"]
[Annotator "Marin,M"]
[PlyCount "52"]
[EventDate "1998.09.02"]
[EventType "swiss"]
[EventRounds "9"]
[EventCountry "POL"]
[SourceTitle "CBM 067"]
[Source "ChessBase"]
[SourceDate "1998.11.30"]
[SourceVersion "2"]
[SourceVersionDate "1998.11.01"]
[SourceQuality "1"]

1. c4 g6 2. d4 Bg7 3. Nf3 d6 4. g3 c5 5. Bg2 Nc6 6. dxc5 Qa5+ 7. Nbd2 Qxc5 8.
O-O Nf6 9. Ne1 O-O 10. Nd3 Qa5 (10... Qb6 11. b3 Ne4 12. Bb2 Nc3 13. Qe1 {Badea
}) 11. a3 Qb6 12. Rb1 Bf5 13. b4 Ne5 14. Rb3 Nfd7 15. c5 Qc7 $1 {><c4} (15...
dxc5 16. bxc5 Qd8 (16... Qf6 $5) (16... Qa5 17. Rxb7 Nxd3 18. Nb3 $1 $14) 17.
Nxe5 Bxe5 18. Rxb7 Nxc5 19. Rb5 $14) 16. cxd6 exd6 17. Ne4 (17. Nf4 Bc2 18. Nd5
Bxb3 19. Nxc7 Bxd1 20. Nxa8 Bxe2 $17) 17... Be6 18. Rb1 (18. Rc3 $5 Nf3+ 19.
Bxf3 Bxc3 $15) 18... Nxd3 19. Qxd3 d5 $15 20. Nc5 Bf5 21. e4 dxe4 22. Bxe4 Ne5
23. Qe2 Bh3 (23... Bg4 $5 24. f3 Bh3) (23... Bxe4 24. Qxe4 b6 25. Na6) 24. Re1
Rae8 25. Bf4 b6 26. Nd3 Qd7 $8 (26... Qc3 27. Bxe5 Bxe5 28. Rbc1 Qxa3 29. Bc6)
(26... Qd7 27. Nxe5 Bxe5 28. Rbd1 Qa4 29. Bc2 Qc6 30. Be4 Qa4 $11) 1/2-1/2

[Event "Ciocaltea Memorial"]
[Site "Bucharest"]
[Date "1999.03.14"]
[Round "11"]
[White "Iordachescu, Viorel"]
[Black "Marin, Mihail"]
[Result "1/2-1/2"]
[WhiteElo "2539"]
[BlackElo "2527"]
[Annotator "Marin,M"]
[PlyCount "111"]
[EventDate "1999.03.04"]
[EventType "tourn"]
[EventRounds "13"]
[EventCountry "ROU"]
[EventCategory "10"]
[SourceTitle "CBM 070"]
[Source "ChessBase"]
[SourceDate "1999.06.08"]
[SourceVersion "1"]
[SourceVersionDate "1999.06.08"]
[SourceQuality "1"]

1. c4 e5 2. e3 d6 3. Nc3 g6 4. d4 Nd7 5. Nf3 Bg7 6. b3 Ngf6 7. dxe5 Ng4 8. Bb2
Ngxe5 9. Nd4 O-O 10. Be2 Nc5 11. O-O f5 12. f4 Ng4 (12... Nf7 $142) 13. Bxg4
fxg4 14. b4 Qe8 $5 15. Kh1 (15. Nd5 c6 (15... Na6 16. b5 c6)) (15. Re1) 15...
Ne4 (15... Qxe3 16. Nc2 (16. Nd5 Qd3 17. bxc5 Qxd1 18. Raxd1 dxc5 19. Nxc7 Rb8
20. Nde6)) (15... Na6 $5 16. a3 Qxe3 17. Nd5 Qe8 18. Re1 $44) 16. Qd3 Bf5 17.
Nxf5 gxf5 18. Nxe4 Bxb2 19. Rab1 Qxe4 (19... Bg7 20. Ng3 {/\e4}) 20. Qxe4 fxe4
21. Rxb2 Rf5 22. Rd1 $16 a5 23. b5 (23. bxa5 Rfxa5 $132) 23... b6 24. Kg1 Rc5 (
24... h5 25. Kf2 h4 26. Ke2 Kf7 27. Rd4 Re8 28. Kd2 Re6 29. Kc3 Ke7 30. Rbd2 g3
31. h3 Kd7 32. Rd5 $16) 25. Rd4 Re8 26. Kf2 Kf7 27. Kg3 (27. Ke2 Re6 28. Kd2
Ke7 29. Kc3 Kd7 30. Rbd2 c6) 27... h5 28. Kh4 Re7 29. h3 $6 (29. Rd5 Rxd5 30.
cxd5 Kg6) (29. Rbd2 Re6 30. Rd5 $16) 29... gxh3 30. gxh3 Kg6 $138 (30... Re8
31. Rg2 Kf6 $14) 31. Rg2+ Kf6 32. a4 $2 (32. Rg8) 32... Re8 $14 33. Rg3 (33.
Rg5 Rxg5 34. fxg5+ Kg6 $15) 33... Kf7 34. Rg5 (34. Rd5 $5 Rxc4 35. Rxh5 $14)
34... Rxg5 35. Kxg5 Rg8+ 36. Kf5 (36. Kxh5 Rg2 37. Rxe4 Ra2 $132) 36... Rg3 37.
Kxe4 (37. Rxe4 Rxh3 38. Re6 Rf3 $1 39. Rh6 (39. e4 $4 Rxf4+ $19) 39... Kg7 $11)
37... Rxh3 38. Rd5 Rh1 39. Rg5 h4 40. Kd5 h3 41. Rh5 h2 42. Kc6 d5 $3 $13 (
42... Rc1 43. Rxh2 Rxc4+ 44. Kb7 $16) 43. c5 (43. cxd5 Rc1+ 44. Kb7 h1=Q 45.
Rxh1 Rxh1 46. Kxc7 Ra1 47. d6 Rxa4 48. d7 Rc4+ 49. Kxb6 Ke7 $19) (43. Rxd5 Rc1)
43... bxc5 (43... Kg6 44. Rg5+ Kf6 45. Rg2) 44. Kxc7 Kg6 $1 (44... d4 45. b6 d3
46. b7 Rb1 47. Rxh2 c4 48. Rd2 Ke6 49. e4 c3 50. Rxd3 c2 51. Rc3 c1=R 52. Rxc1
Rxc1+ 53. Kb6 Rb1+ 54. Ka7 $18) 45. Rh3 (45. Rg5+ $5 Kf6 46. Rg2 d4 (46... c4
47. b6 c3 48. b7 c2 49. b8=Q c1=Q+ 50. Kd7 $18) 47. b6 d3 48. b7 Rb1 49. Rxh2
Rxb7+ $1 (49... c4 50. Rh6+ Ke7 51. Rb6 Rxb6 52. Kxb6 d2 53. b8=Q d1=Q 54. Qc7+
$18) 50. Kxb7 c4 51. Rh6+ (51. Rd2 Kf5 52. Rd1 Ke4 53. f5 Kxf5 $19) 51... Ke7
52. Rh7+ Ke6 $11 53. f5+ Kxf5 54. Rd7 Ke4 55. Rd4+ Kxe3 56. Rxc4 d2 57. Rc3+
$11) 45... d4 46. b6 (46. exd4 cxd4 47. b6 (47. Kd6 Kf5) 47... d3 48. b7 d2 49.
b8=Q Rc1+ $19) 46... d3 47. b7 Rb1 48. Rxh2 c4 49. f5+ (49. Rd2 Kf5 $19 50.
b8=Q Rxb8 51. Kxb8 Ke4 52. f5 Kxf5) 49... Kg5 (49... Kxf5 50. Rh5+ Ke4 51. Rb5
Rxb5 52. axb5 d2 53. b8=Q d1=Q 54. Qe8+ $14) 50. f6 Kg6 (50... Rxb7+ 51. Kxb7
Kxf6 52. Rh6+ Ke5 53. Rh5+ Ke4 (53... Kd6 54. Rh4 $18) 54. Rh4+ Kxe3 55. Rxc4
d2 56. Rc3+ Ke4 57. Rc4+ Ke5 58. Rc5+ Ke6 59. Rc6+ Kd7 60. Rc7+ Kd8 61. Rc8+
$11) 51. f7 Kxf7 52. Rh7+ Ke8 (52... Kg6 53. Rd7 c3 54. Rxd3 c2 55. Rc3 c1=Q
56. Rxc1 Rxc1+ 57. Kb6 Rb1+ 58. Ka7 Kf5 59. b8=Q Rxb8 60. Kxb8 Ke4 61. Kb7 Kxe3
62. Kb6 Kd4 63. Kxa5 Kc5 $11) 53. Rh8+ Ke7 54. Rh7+ Ke8 55. Rh8+ Ke7 56. Rh7+
1/2-1/2

[Event "Bundesliga 0001"]
[Site "Germany"]
[Date "2001.03.11"]
[Round "11.1"]
[White "Bischoff, Klaus"]
[Black "Schlindwein, Rolf"]
[Result "1-0"]
[WhiteElo "2556"]
[BlackElo "2441"]
[Annotator "Meulders,R"]
[PlyCount "91"]
[EventDate "2000.10.14"]
[EventType "team-tourn"]
[EventRounds "15"]
[EventCountry "GER"]
[SourceTitle "CBM 082"]
[Source "ChessBase"]
[SourceDate "2001.05.17"]
[SourceVersion "1"]
[SourceVersionDate "2001.05.17"]
[SourceQuality "1"]
[WhiteTeam "Koenig Plauen"]
[BlackTeam "Baiertal/Schatthausen"]
[WhiteTeamCountry "GER"]
[BlackTeamCountry "GER"]

1. Nf3 d6 2. d4 Bg4 3. e3 {Weiss stellt sich sehr solide und vorsichtig auf.}
Nf6 4. Be2 c6 5. c4 (5. O-O Nbd7 (5... e6 6. c4 Nbd7 7. Nc3 d5 8. b3 Be7 (8...
Bd6 9. Bb2 O-O 10. Qc2 Re8 11. Rad1 Rc8 12. e4 Nxe4 13. Nxe4 dxe4 14. Qxe4 Nf6
15. Qc2 Qc7 16. Ne5 Bxe2 17. Qxe2 Nd7 18. f4 $14 {1/2-1/2 Ganter,T-Schmid,W/
Wuerttemberg 1995/GER (32)}) 9. Bb2 O-O 10. h3 Bh5 11. Rc1 Re8 12. Qc2 a5 13.
Rfd1 Bd6 14. Ng5 Bxe2 15. Qxe2 Bb4 $11 {1/2-1/2 Balenovic,Z-Marangunic,S/
Mendrisio 1988/EXT 97 (48)}) (5... g6 6. b3 Bg7 7. Bb2 O-O 8. Nbd2 Nbd7 9. h3
Bxf3 10. Bxf3 Qc7 11. a4 Rfe8 12. c4 a5 13. Qc2 e5 14. Rfd1 exd4 15. Bxd4 Rad8
16. Rac1 $14 {0-1 Boehsmueller,R-Schueller,E/AUT 1995/EXT 99 (60)}) 6. b3 e5 7.
dxe5 dxe5 8. Bb2 Qc7 9. Nbd2 e4 10. Nd4 Bxe2 11. Qxe2 Bd6 12. h3 O-O-O 13. Nc4
Ne5 14. Nxd6+ Qxd6 15. Rfd1 Qc7 16. Nf5 $14 {1-0 Flear,G-Plaskett,J/London
1986/MCL (46)}) 5... Qc7 6. Nc3 e5 7. h3 Bh5 8. b3 Nbd7 9. Bb2 $14 Be7 10. Rc1
{[%cal Gc1c7] Die Stellung sieht zwar sehr normal aus, aber ich habe in der 
(Gross)meisterpraxis keine Beispiele finden können. Weil Weiss den Punkt d4
zuverlässig überdeckt hat, hat es keinen Sinn auf d4 mit einem P zu tauschen.
Es ist sehr verlockend für Schwarz e5-e4 zu spielen, aber der P kann schwach
werden.} e4 11. Nd2 Bg6 12. g4 {/\h4,h5} (12. h4 h5) 12... h6 13. h4 Rd8 $6 (
13... O-O-O {sieht logischer aus: Schwarz entwickelt sich und entfernt den K
aus der Mitte. In der Partie wird die Stellung des K Schwarz noch Sorgen
bereiten.}) 14. b4 d5 $6 15. cxd5 Bxb4 16. dxc6 Qxc6 {[%cal Gc1c6]} (16... bxc6
{[%csl Rc6]} 17. a3 Ba5 18. h5 Bh7 19. Nb5 $16) 17. Qb3 Qd6 18. Nc4 $16 Qe7 19.
a3 Bxc3+ 20. Bxc3 {[%cal Gc3b4,Gb4f8]} Nd5 21. Bb4 Nxb4 22. Qxb4 Nf6 {[%csl
Re5,Rg6]} (22... Qxb4+ 23. axb4 Ke7 24. Na5 Rb8 25. Rc7 $16) 23. Ne5 Qxb4+ 24.
axb4 Nd5 {[%csl Ra7,Rc7,Rg6]} 25. Kd2 h5 (25... Nxb4 26. Rc7 $18) 26. g5 Bf5
27. b5 f6 28. gxf6 gxf6 29. Nc4 {[%csl Rd6]} Bg4 (29... Ke7) 30. Bxg4 hxg4 31.
Rcg1 f5 {[%csl Ra7,Re5,Rf4,Rg5][%cal Gh4h8] Materiell steht es noch immer
gleich, aber positionell ist Schwarz in einer schwierigen Lage.} 32. Ra1 $1 {
Und jetzt steht es auch materiell nicht mehr gleich.} Rh7 (32... Ra8 {ist noch
viel schlimmer} 33. Nd6+ $18) 33. Rxa7 $18 Rc7 34. Ra4 Kf8 35. b6 Rc6 36. Rb1
Rdc8 37. Rb5 Ne7 38. Kc3 Rh6 39. Rc5 Rb8 40. d5 f4 41. d6 Ng6 42. h5 g3 43.
fxg3 fxg3 44. hxg6 Rxg6 45. Ra1 Kg7 46. Rc7+ 1-0